| 000 | 00496nam a2200193Ia 4500 | ||
|---|---|---|---|
| 008 | 191119s9999 xx 000 0 und d | ||
| 020 | _a978-1-307-42867-4 | ||
| 050 | _aComSc QA 39.2 | ||
| 050 | _b.D57 2019 | ||
| 245 | 0 | _aDiscrete mathematics and its applications / | |
| 260 | _a[s.l.] : | ||
| 260 | _bMcGraw-Hill, | ||
| 260 | _c2019 | ||
| 300 | _a585 pages : | ||
| 300 | _billustrations ; | ||
| 300 | _c27 cm. | ||
| 650 | _aMathematics. | ||
| 650 | _xComputer science -- Mathematics. | ||
| 999 |
_c363075 _d363075 |
||